|
|
|
|
| LEADER |
00000cam a2200000 7i4500 |
| 001 |
0000031485 |
| 005 |
20120305.0 |
| 008 |
120305 |
| 020 |
|
|
|a 9833586431
|
| 090 |
0 |
0 |
|a 499.238
|b KAM
|
| 100 |
0 |
|
|a Kamal Shukri Abdullah Sani
|
| 245 |
1 |
0 |
|a Bahasa Melayu apa sudah jadi?
|c Kamal Shukri Abdullah Sani
|
| 260 |
|
|
|a Kuala Lumpur :
|b PTS Publication & Distributors ,
|c 2007
|
| 650 |
|
0 |
|a Malay language
|x history and criticism
|
| 650 |
|
0 |
|a Malay language
|x social aspects
|
| 650 |
|
0 |
|a Malay language
|x usage
|
| 999 |
|
|
|a 0001135562
|b Book
|c Adult Collection
|e Cawangan Urban Transformation Centre
|
| 999 |
|
|
|a 0001135563
|b Book
|c Adult Collection
|e Cawangan Mersing
|
| 999 |
|
|
|a 0001135564
|b Book
|c Adult Collection
|e Cawangan Urban Transformation Centre
|
| 999 |
|
|
|a 0001135565
|b Book
|c Adult Collection
|e Perbadanan Perpustakaan Awam Johor
|
| 999 |
|
|
|a 0001135566
|b Book
|c Adult Collection
|e Cawangan Segamat
|